[Event "ESP-chT 2nd Division 2019"]
[Site "Linares"]
[Date "2019.08.20"]
[Round "3.35"]
[White "Gil Ojeda, Jorge"]
[Black "Lorenzo Serrano, Henar"]
[Result "0-1"]
[WhiteElo "1960"]
[BlackElo "1719"]
[Annotator "NA"]
[PlyCount "132"]
[EventDate "2019.08.19"]
[EventType "team-tourn"]
[EventCountry "ESP"]
[SourceTitle "playchess.com"]
[Source "ChessBase"]
[SourceQuality "1"]
[TimeControl "5400+30"]

1. e4 {[%emt 0:00:00]} d5 {[%emt 0:00:00]} 2. exd5 {[%emt 0:00:00]} Nf6 {[%emt 0:00:00]} 3. Bb5+ {[%emt 0:00:00]} Bd7 {[%emt 0:00:42]} 4. Bc4 {[%emt 0:00:06]} Bg4 {[%emt 0:02:20]} 5. f3 {[%emt 0:00:12]} Bh5 {[%emt 0:02:16]} 6. Nc3 {[%emt 0:00:43]} Nbd7 {[%emt 0:01:12]} 7. g4 {[%emt 0:01:15]} Bg6 {[%emt 0:02:20]} 8. d4 {[%emt 0:03:26]} a6 {[%emt 0:04:17]} 9. Nge2 {[%emt 0:14:45]} Nb6 {[%emt 0:02:04]} 10. Bb3 {[%emt 0:01:09]} Nfxd5 {[%emt 0:03:45]} 11. Nxd5 {[%emt 0:01:38]} Nxd5 {[%emt 0:00:13]} 12. Nf4 {[%emt 0:02:00]} e6 {[%emt 0:04:12]} 13. O-O {[%emt 0:12:55]} Nxf4 {[%emt 0:07:20]} 14. Bxf4 {[%emt 0:00:12]} Bd6 {[%emt 0:00:25]} 15. Qd2 {[%emt 0:02:23]} O-O {[%emt 0:07:50]} 16. Rad1 {[%emt 0:06:31]} Re8 {[%emt 0:07:42]} 17. Rfe1 {[%emt 0:02:53]} Qf6 {[%emt 0:05:06]} 18. Bxd6 {[%emt 0:04:39]} cxd6 {[%emt 0:01:20]} 19. Kg2 {[%emt 0:02:29]} h5 {[%emt 0:06:15]} 20. Qb4 {[%emt 0:11:25]} hxg4 {[%emt 0:04:30]} 21. fxg4 {[%emt 0:00:24]} Qf4 {[%emt 0:01:43]} 22. Qc3 {[%emt 0:18:46]} Be4+ {[%emt 0:08:35]} 23. Kg1 {[%emt 0:03:35]} Bf3 {[%emt 0:03:25]} 24. Rd2 {[%emt 0:01:28]} Qxg4+ {[%emt 0:00:42]} 25. Kf1 {[%emt 0:01:05]} d5 {[%emt 0:08:45]} 26. Rf2 {[%emt 0:01:15]} Be4 {[%emt 0:01:25]} 27. Qc7 {[%emt 0:01:29]} Qh3+ {[%emt 0:08:49]} 28. Ke2 {[%emt 0:01:02]} Qh5+ {[%emt 0:00:36]} 29. Kd2 {[%emt 0:00:08]} Qg5+ {[%emt 0:00:53]} 30. Kd1 {[%emt 0:00:24]} Re7 {[%emt 0:00:24]} 31. Qd6 {[%emt 0:02:29]} Rc8 {[%emt 0:01:27]} 32. Ref1 {[%emt 0:01:01]} Qh5+ {[%emt 0:00:51]} 33. Kc1 {[%emt 0:00:12]} Rec7 {[%emt 0:00:32]} 34. c3 {[%emt 0:03:08]} Qg5+ {[%emt 0:01:18]} 35. Kd1 {[%emt 0:00:22]} Qe3 {[%emt 0:01:00]} 36. Qg3 {[%emt 0:01:58]} Qxg3 {[%emt 0:01:11]} 37. hxg3 {[%emt 0:00:00]} b5 {[%emt 0:00:42]} 38. a3 {[%emt 0:00:31]} a5 {[%emt 0:00:28]} 39. Bc2 {[%emt 0:00:19]} Bxc2+ {[%emt 0:00:19]} 40. Kxc2 {[%emt 0:00:20]} b4 {[%emt 0:00:33]} 41. axb4 {[%emt 0:00:15]} axb4 {[%emt 0:00:05]} 42. Rf3 {[%emt 0:00:17]} bxc3 {[%emt 0:00:20]} 43. bxc3 {[%emt 0:00:05]} Ra8 {[%emt 0:00:31]} 44. Kd3 {[%emt 0:00:51]} Ra3 {[%emt 0:00:39]} 45. Kc2 {[%emt 0:00:36]} f6 {[%emt 0:01:00]} 46. Re1 {[%emt 0:00:12]} Kf7 {[%emt 0:00:23]} 47. Rfe3 {[%emt 0:00:11]} Rc6 {[%emt 0:00:28]} 48. Kb2 {[%emt 0:00:24]} Raa6 {[%emt 0:01:12]} 49. Kb3 {[%emt 0:00:47]} Rcb6+ {[%emt 0:00:16]} 50. Kc2 {[%emt 0:00:13]} Ra2+ {[%emt 0:00:17]} 51. Kd3 {[%emt 0:00:23]} Rbb2 {[%emt 0:00:23]} 52. Rd1 {[%emt 0:01:21]} Ke7 {[%emt 0:00:34]} 53. Ree1 {[%emt 0:00:49]} Rg2 {[%emt 0:00:32]} 54. Re3 {[%emt 0:00:26]} Kd6 {[%emt 0:00:23]} 55. Ree1 {[%emt 0:01:26]} Rxg3+ {[%emt 0:00:52]} 56. Re3 {[%emt 0:00:00]} Rgg2 {[%emt 0:00:22]} 57. Ree1 {[%emt 0:00:19]} e5 {[%emt 0:00:32]} 58. Rg1 {[%emt 0:00:08]} e4+ {[%emt 0:00:27]} 59. Ke3 {[%emt 0:00:01]} Rae2+ {[%emt 0:00:28]} 60. Kf4 {[%emt 0:00:17]} Rgf2+ {[%emt 0:00:45]} 61. Kg3 {[%emt 0:00:31]} Rf3+ {[%emt 0:00:14]} 62. Kh4 {[%emt 0:00:21]} g5+ {[%emt 0:00:19]} 63. Kg4 {[%emt 0:00:10]} Rxc3 {[%emt 0:00:20]} 64. Rdf1 {[%emt 0:00:05]} Ke6 {[%emt 0:00:21]} 65. Rf5 {[%emt 0:00:10]} Ree3 {[%emt 0:01:22]} 66. Rgf1 {[%emt 0:00:15]} Rf3 {[%emt 0:00:19]} 0-1

[Event "ESP-chT 2nd Division 2019"]
[Site "Linares"]
[Date "2019.08.20"]
[Round "3.36"]
[White "Aloma Vidal, Robert"]
[Black "Narciso Dublan, Marc"]
[Result "0-1"]
[WhiteElo "2419"]
[BlackElo "2483"]
[Annotator "ChessBase"]
[PlyCount "122"]
[EventDate "2019.08.19"]
[EventType "team-tourn"]
[EventCountry "ESP"]
[SourceTitle "playchess.com"]
[Source "ChessBase"]
[SourceQuality "1"]
[TimeControl "5400+30"]

1. e4 {[%emt 0:00:00]} c6 {[%emt 0:00:00]} 2. d4 {[%emt 0:00:08]} d5 {[%emt 0:00:03]} 3. exd5 {[%emt 0:00:27]} cxd5 {[%emt 0:00:09]} 4. Bd3 {[%emt 0:00:05]} Nc6 {[%emt 0:00:39]} 5. c3 {[%emt 0:00:05]} Qc7 {[%emt 0:00:26]} 6. Ne2 {[%emt 0:01:11]} e6 {[%emt 0:00:15]} 7. Bf4 {[%emt 0:00:55]} Bd6 {[%emt 0:00:08]} 8. Bxd6 {[%emt 0:01:07]} Qxd6 {[%emt 0:00:06]} 9. O-O {[%emt 0:00:43]} Nge7 {[%emt 0:00:30]} 10. Nd2 {[%emt 0:00:39]} Bd7 {[%emt 0:00:54]} 11. f4 {[%emt 0:02:09]} f6 {[%emt 0:06:26]} 12. a4 {[%emt 0:07:08]} O-O {[%emt 0:03:49]} 13. Qb1 {[%emt 0:03:42]} g6 {[%emt 0:01:39]} 14. Nf3 {[%emt 0:01:44]} Nf5 {[%emt 0:08:05]} 15. b4 {[%emt 0:05:54]} Rac8 {[%emt 0:05:31]} 16. Rf2 {[%emt 0:10:56]} Qe7 {[%emt 0:13:28]} 17. Qb3 {[%emt 0:03:41]} Kh8 {[%emt 0:02:17]} 18. Re1 {[%emt 0:01:25]} Rc7 {[%emt 0:09:24]} 19. Ng3 {[%emt 0:11:49]} Qd6 {[%emt 0:02:04]} 20. Nf1 {[%emt 0:06:58]} Rfc8 {[%emt 0:08:29]} 21. g4 {[%emt 0:09:06]} Ng7 {[%emt 0:01:17]} 22. Re3 {[%emt 0:02:35]} Ne7 {[%emt 0:08:55]} 23. Bb1 {[%emt 0:05:47]} Qa6 {[%emt 0:03:39]} 24. Bc2 {[%emt 0:02:35]} Rf8 {[%emt 0:07:19]} 25. Ng3 {[%emt 0:02:44]} Rcc8 {[%emt 0:12:04]} 26. Ne1 {[%emt 0:05:18]} Qc4 {[%emt 0:01:23]} 27. Qa3 {[%emt 0:02:01]} Qc7 {[%emt 0:00:37]} 28. Qc1 {[%emt 0:03:31]} Rf7 {[%emt 0:02:24]} 29. Qd2 {[%emt 0:00:25]} Rcf8 {[%emt 0:00:24]} 30. Ng2 {[%emt 0:04:48]} Nc8 {[%emt 0:00:36]} 31. f5 {[%emt 0:02:05]} exf5 {[%emt 0:00:39]} 32. gxf5 {[%emt 0:00:09]} g5 {[%emt 0:00:32]} 33. Bb3 {[%emt 0:00:23]} Nb6 {[%emt 0:00:18]} 34. h4 {[%emt 0:01:53]} Bxa4 {[%emt 0:01:18]} 35. Bxa4 {[%emt 0:00:51]} Nxa4 {[%emt 0:00:04]} 36. Ne2 {[%emt 0:01:40]} Nb6 {[%emt 0:00:27]} 37. Rg3 {[%emt 0:00:33]} Re8 {[%emt 0:01:05]} 38. Rh3 {[%emt 0:00:45]} Nc4 {[%emt 0:00:35]} 39. Qc1 {[%emt 0:00:24]} g4 {[%emt 0:00:20]} 40. Rd3 {[%emt 0:00:30]} Nd6 {[%emt 0:00:47]} 41. Ng3 {[%emt 0:00:24]} Ne4 {[%emt 0:00:32]} 42. Nxe4 {[%emt 0:00:02]} dxe4 {[%emt 0:00:10]} 43. Re3 {[%emt 0:00:14]} Qd7 {[%emt 0:00:49]} 44. Qf1 {[%emt 0:00:16]} Rfe7 {[%emt 0:00:44]} 45. Rf4 {[%emt 0:00:24]} h5 {[%emt 0:00:18]} 46. Qf2 {[%emt 0:00:41]} Qc6 {[%emt 0:00:25]} 47. Qa2 {[%emt 0:00:28]} Qc8 {[%emt 0:00:33]} 48. Qd5 {[%emt 0:00:45]} Rd7 {[%emt 0:00:50]} 49. Qb5 {[%emt 0:01:41]} Rc7 {[%emt 0:00:25]} 50. Rfxe4 {[%emt 0:00:37]} Rxe4 {[%emt 0:00:06]} 51. Rxe4 {[%emt 0:00:02]} Qxf5 {[%emt 0:00:55]} 52. Qxf5 {[%emt 0:01:01]} Nxf5 {[%emt 0:00:01]} 53. Rf4 {[%emt 0:00:20]} Ng3 {[%emt 0:00:59]} 54. Rxf6 {[%emt 0:00:16]} Rxc3 {[%emt 0:00:21]} 55. Nf4 {[%emt 0:00:33]} Rf3 {[%emt 0:00:30]} 56. Rf8+ {[%emt 0:00:42]} Kh7 {[%emt 0:00:22]} 57. Kg2 {[%emt 0:00:40]} Ne2 {[%emt 0:00:52]} 58. Ne6 {[%emt 0:00:14]} Nxd4 {[%emt 0:00:10]} 59. Ng5+ {[%emt 0:00:30]} Kg7 {[%emt 0:00:12]} 60. Rd8 {[%emt 0:00:17]} Rd3 {[%emt 0:00:57]} 61. Ne6+ {[%emt 0:00:56]} Nxe6 {[%emt 0:00:02]} 0-1

[Event "ESP-chT 2nd Division 2019"]
[Site "Linares"]
[Date "2019.08.20"]
[Round "3.37"]
[White "Bayo Milagro, Alvaro"]
[Black "Gomez Anadon, Daniel"]
[Result "1/2-1/2"]
[WhiteElo "2284"]
[BlackElo "2274"]
[Annotator "NA"]
[PlyCount "104"]
[EventDate "2019.08.19"]
[EventType "team-tourn"]
[EventCountry "ESP"]
[SourceTitle "playchess.com"]
[Source "ChessBase"]
[SourceQuality "1"]
[TimeControl "5400+30"]

1. d4 {[%emt 0:00:00]} d5 {[%emt 0:00:00]} 2. c4 {[%emt 0:00:00]} e6 {[%emt 0:00:00]} 3. Nf3 {[%emt 0:00:00]} Nf6 {[%emt 0:00:00]} 4. e3 {[%emt 0:00:00]} c6 {[%emt 0:01:17]} 5. Nbd2 {[%emt 0:00:02]} Nbd7 {[%emt 0:01:53]} 6. b3 {[%emt 0:00:14]} Bd6 {[%emt 0:00:29]} 7. Bb2 {[%emt 0:00:10]} Qe7 {[%emt 0:02:43]} 8. Ne5 {[%emt 0:00:50]} Ne4 {[%emt 0:07:26]} 9. a3 {[%emt 0:05:51]} Nxd2 {[%emt 0:02:27]} 10. Qxd2 {[%emt 0:00:14]} f6 {[%emt 0:00:21]} 11. Nxd7 {[%emt 0:03:34]} Bxd7 {[%emt 0:00:13]} 12. Be2 {[%emt 0:00:10]} O-O {[%emt 0:01:32]} 13. O-O {[%emt 0:00:43]} f5 {[%emt 0:02:41]} 14. c5 {[%emt 0:02:41]} Bc7 {[%emt 0:00:27]} 15. f4 {[%emt 0:00:07]} Rf6 {[%emt 0:01:59]} 16. b4 {[%emt 0:01:42]} Rh6 {[%emt 0:02:26]} 17. g3 {[%emt 0:02:27]} g5 {[%emt 0:07:31]} 18. a4 {[%emt 0:01:16]} Kh8 {[%emt 0:01:39]} 19. Rf2 {[%emt 0:03:50]} Rg8 {[%emt 0:01:31]} 20. Rg2 {[%emt 0:01:45]} Be8 {[%emt 0:07:45]} 21. Bc3 {[%emt 0:02:30]} Bh5 {[%emt 0:11:31]} 22. Rb1 {[%emt 0:02:01]} Bxe2 {[%emt 0:01:50]} 23. Qxe2 {[%emt 0:01:24]} Rhg6 {[%emt 0:02:47]} 24. Qf3 {[%emt 0:01:53]} Qg7 {[%emt 0:10:11]} 25. b5 {[%emt 0:02:16]} gxf4 {[%emt 0:01:45]} 26. exf4 {[%emt 0:00:36]} Bd8 {[%emt 0:05:14]} 27. bxc6 {[%emt 0:06:03]} bxc6 {[%emt 0:00:06]} 28. Kf2 {[%emt 0:00:08]} Bf6 {[%emt 0:01:28]} 29. Ke3 {[%emt 0:00:52]} Qh6 {[%emt 0:05:43]} 30. Kd3 {[%emt 0:05:42]} Qh3 {[%emt 0:01:31]} 31. Be1 {[%emt 0:00:46]} h5 {[%emt 0:05:39]} 32. Re2 {[%emt 0:00:55]} Re8 {[%emt 0:04:06]} 33. a5 {[%emt 0:02:34]} Rg7 {[%emt 0:04:48]} 34. a6 {[%emt 0:01:53]} Qg4 {[%emt 0:01:45]} 35. Qe3 {[%emt 0:01:08]} Kg8 {[%emt 0:02:03]} 36. Reb2 {[%emt 0:01:06]} e5 {[%emt 0:01:32]} 37. Rb8 {[%emt 0:13:26]} e4+ {[%emt 0:00:15]} 38. Kd2 {[%emt 0:00:28]} Rge7 {[%emt 0:00:43]} 39. Bf2 {[%emt 0:00:40]} Kf7 {[%emt 0:01:15]} 40. Rxe8 {[%emt 0:00:38]} Kxe8 {[%emt 0:00:11]} 41. Rb8+ {[%emt 0:01:06]} Kf7 {[%emt 0:00:51]} 42. Rc8 {[%emt 0:00:59]} Qh3 {[%emt 0:00:39]} 43. Rxc6 {[%emt 0:01:38]} Qf1 {[%emt 0:00:38]} 44. Rd6 {[%emt 0:03:21]} Qb5 {[%emt 0:00:35]} 45. Qc3 {[%emt 0:03:23]} Re6 {[%emt 0:00:27]} 46. Ke1 {[%emt 0:04:04]} Rxd6 {[%emt 0:00:21]} 47. cxd6 {[%emt 0:00:35]} Bd8 {[%emt 0:00:37]} 48. Qe3 {[%emt 0:03:39]} Ba5+ {[%emt 0:00:27]} 49. Kd1 {[%emt 0:00:11]} Qb1+ {[%emt 0:00:37]} 50. Ke2 {[%emt 0:00:01]} Qb5+ {[%emt 0:00:21]} 51. Kd1 {[%emt 0:00:02]} Qb1+ {[%emt 0:00:41]} 52. Ke2 {[%emt 0:00:11]} Qb5+ {[%emt 0:00:20]} 1/2-1/2

[Event "ESP-chT 2nd Division 2019"]
[Site "Linares"]
[Date "2019.08.20"]
[Round "3.38"]
[White "Gonzalez Maza, Rafael"]
[Black "Lizuain Toni, Javier"]
[Result "0-1"]
[WhiteElo "2173"]
[BlackElo "1884"]
[Annotator "NA"]
[PlyCount "76"]
[EventDate "2019.08.19"]
[EventType "team-tourn"]
[EventCountry "ESP"]
[SourceTitle "playchess.com"]
[Source "ChessBase"]
[SourceQuality "1"]
[TimeControl "5400+30"]

1. d4 {[%emt 0:00:00]} f5 {[%emt 0:01:04]} 2. Nf3 {[%emt 0:00:00]} Nf6 {[%emt 0:00:15]} 3. e3 {[%emt 0:00:11]} d6 {[%emt 0:00:30]} 4. b3 {[%emt 0:03:56]} g6 {[%emt 0:00:18]} 5. Bb2 {[%emt 0:00:42]} Bg7 {[%emt 0:00:31]} 6. Nbd2 {[%emt 0:05:35]} e6 {[%emt 0:07:35]} 7. Bd3 {[%emt 0:07:08]} O-O {[%emt 0:01:29]} 8. e4 {[%emt 0:07:39]} fxe4 {[%emt 0:11:06]} 9. Nxe4 {[%emt 0:00:20]} Nxe4 {[%emt 0:00:51]} 10. Bxe4 {[%emt 0:00:02]} Nd7 {[%emt 0:05:27]} 11. c4 {[%emt 0:08:19]} Nf6 {[%emt 0:03:45]} 12. Bc2 {[%emt 0:16:06]} Bd7 {[%emt 0:02:45]} 13. O-O {[%emt 0:01:44]} Nh5 {[%emt 0:07:05]} 14. Ne1 {[%emt 0:04:54]} Bc6 {[%emt 0:09:03]} 15. f3 {[%emt 0:03:52]} Qh4 {[%emt 0:04:16]} 16. Qd2 {[%emt 0:01:52]} Rf7 {[%emt 0:16:07]} 17. Rd1 {[%emt 0:02:59]} Raf8 {[%emt 0:02:24]} 18. Qf2 {[%emt 0:08:55]} Qe7 {[%emt 0:00:34]} 19. Bc1 {[%emt 0:02:20]} Nf4 {[%emt 0:04:23]} 20. Be3 {[%emt 0:01:40]} Qg5 {[%emt 0:05:53]} 21. Qd2 {[%emt 0:00:40]} Qh5 {[%emt 0:03:38]} 22. b4 {[%emt 0:04:05]} e5 {[%emt 0:01:25]} 23. d5 {[%emt 0:00:50]} Bd7 {[%emt 0:01:10]} 24. Be4 {[%emt 0:00:52]} g5 {[%emt 0:00:36]} 25. Kh1 {[%emt 0:02:30]} Bh6 {[%emt 0:04:25]} 26. g4 {[%emt 0:04:21]} Qh3 {[%emt 0:00:33]} 27. Rg1 {[%emt 0:00:21]} Bg7 {[%emt 0:00:19]} 28. Nd3 Nxd3 {[%emt 0:01:42]} 29. Rg3 {[%emt 0:02:38]} Nf2+ {[%emt 0:01:17]} 30. Qxf2 {[%emt 0:00:08]} Qh6 {[%emt 0:02:40]} 31. Qd2 {[%emt 0:00:43]} Bf6 {[%emt 0:00:37]} 32. h4 {[%emt 0:00:23]} Rg7 {[%emt 0:00:41]} 33. Kg2 {[%emt 0:00:15]} Bd8 {[%emt 0:01:08]} 34. Rh1 {[%emt 0:01:08]} Rf4 {[%emt 0:00:26]} 35. hxg5 {[%emt 0:02:50]} Qxg5 {[%emt 0:00:10]} 36. Bxf4 {[%emt 0:01:41]} exf4 {[%emt 0:00:01]} 37. Rgh3 {[%emt 0:00:19]} Bxg4 {[%emt 0:00:46]} 38. fxg4 {[%emt 0:00:21]} f3+ {[%emt 0:00:13]} 0-1

[Event "ESP-chT 2nd Division 2019"]
[Site "Linares"]
[Date "2019.08.20"]
[Round "3.39"]
[White "Roldan Marques, Marta"]
[Black "Garcia Paolicchi, Raul"]
[Result "0-1"]
[WhiteElo "1886"]
[BlackElo "2140"]
[Annotator "NA"]
[PlyCount "122"]
[EventDate "2019.08.19"]
[EventType "team-tourn"]
[EventCountry "ESP"]
[SourceTitle "playchess.com"]
[Source "ChessBase"]
[SourceQuality "1"]
[TimeControl "5400+30"]

1. e4 {[%emt 0:00:00]} c5 {[%emt 0:00:00]} 2. Nc3 {[%emt 0:00:00]} e6 {[%emt 0:00:00]} 3. g3 {[%emt 0:00:00]} d5 {[%emt 0:00:43]} 4. exd5 {[%emt 0:00:50]} exd5 {[%emt 0:00:08]} 5. Bg2 {[%emt 0:01:03]} Nf6 {[%emt 0:00:08]} 6. d3 {[%emt 0:00:49]} d4 {[%emt 0:05:54]} 7. Ne4 {[%emt 0:01:05]} Be7 {[%emt 0:01:55]} 8. Ne2 {[%emt 0:06:33]} Nd5 {[%emt 0:03:29]} 9. Nf4 {[%emt 0:07:37]} Nxf4 {[%emt 0:00:18]} 10. Bxf4 {[%emt 0:00:03]} O-O {[%emt 0:00:21]} 11. O-O {[%emt 0:06:23]} Bf5 {[%emt 0:07:18]} 12. h4 {[%emt 0:07:37]} Qd7 {[%emt 0:01:36]} 13. Re1 {[%emt 0:08:15]} Nc6 {[%emt 0:01:14]} 14. Qe2 {[%emt 0:07:32]} Rfe8 {[%emt 0:00:54]} 15. Qf1 {[%emt 0:02:55]} Nb4 {[%emt 0:05:20]} 16. Re2 {[%emt 0:00:53]} Bg4 {[%emt 0:04:18]} 17. f3 {[%emt 0:07:14]} Be6 {[%emt 0:00:29]} 18. a3 {[%emt 0:00:06]} Nd5 {[%emt 0:00:30]} 19. Bd2 {[%emt 0:00:07]} h6 {[%emt 0:01:58]} 20. Rae1 {[%emt 0:03:14]} Bf8 {[%emt 0:02:19]} 21. Kh2 {[%emt 0:03:27]} f5 {[%emt 0:06:00]} 22. Nf2 {[%emt 0:00:06]} f4 {[%emt 0:01:08]} 23. gxf4 {[%emt 0:07:31]} Bd6 {[%emt 0:02:36]} 24. Ne4 {[%emt 0:05:19]} Bxf4+ {[%emt 0:11:45]} 25. Bxf4 {[%emt 0:00:11]} Nxf4 {[%emt 0:00:06]} 26. Rd2 {[%emt 0:05:41]} Qc7 {[%emt 0:01:52]} 27. Kh1 {[%emt 0:01:35]} Rad8 {[%emt 0:05:25]} 28. Qf2 {[%emt 0:03:11]} b6 {[%emt 0:01:17]} 29. Qg3 {[%emt 0:01:46]} Qf7 {[%emt 0:00:32]} 30. Rg1 {[%emt 0:02:19]} Rf8 {[%emt 0:06:44]} 31. Rf2 {[%emt 0:04:35]} Rd5 {[%emt 0:12:54]} 32. Bf1 {[%emt 0:02:21]} Kh7 {[%emt 0:00:56]} 33. Qh2 {[%emt 0:03:00]} Kg8 {[%emt 0:00:40]} 34. Qg3 {[%emt 0:00:13]} Nh5 {[%emt 0:03:51]} 35. Qg6 {[%emt 0:01:32]} Qxg6 {[%emt 0:00:58]} 36. Rxg6 {[%emt 0:00:02]} Nf4 {[%emt 0:00:16]} 37. Rg3 {[%emt 0:00:39]} Rh5 {[%emt 0:00:33]} 38. Rh2 {[%emt 0:00:05]} Kh7 {[%emt 0:00:20]} 39. Nf2 {[%emt 0:02:03]} Rf7 {[%emt 0:02:26]} 40. Kg1 {[%emt 0:01:16]} Ng6 {[%emt 0:01:12]} 41. Be2 {[%emt 0:00:40]} Bd5 {[%emt 0:01:43]} 42. Ne4 {[%emt 0:00:25]} Rxh4 {[%emt 0:00:33]} 43. Rxh4 {[%emt 0:00:05]} Nxh4 {[%emt 0:00:06]} 44. Rh3 {[%emt 0:00:23]} g5 {[%emt 0:00:22]} 45. Kh2 {[%emt 0:00:41]} Kg6 {[%emt 0:00:38]} 46. Kg1 {[%emt 0:00:29]} Nf5 {[%emt 0:00:59]} 47. f4 {[%emt 0:00:38]} Nh4 {[%emt 0:00:52]} 48. fxg5 {[%emt 0:00:29]} hxg5 {[%emt 0:00:07]} 49. Ng3 {[%emt 0:00:36]} Bf3 {[%emt 0:00:51]} 50. Rh2 {[%emt 0:00:37]} Re7 {[%emt 0:00:37]} 51. Rf2 {[%emt 0:00:32]} Bxe2 {[%emt 0:01:03]} 52. Nxe2 {[%emt 0:00:05]} Re3 {[%emt 0:00:20]} 53. Kf1 {[%emt 0:00:53]} Nf5 {[%emt 0:00:38]} 54. Kg2 {[%emt 0:00:18]} g4 {[%emt 0:01:21]} 55. Nf4+ {[%emt 0:00:35]} Kg5 {[%emt 0:00:18]} 56. Nd5 {[%emt 0:00:37]} Rg3+ {[%emt 0:00:26]} 57. Kh1 {[%emt 0:00:15]} Ne3 {[%emt 0:00:56]} 58. Nf6 {[%emt 0:00:28]} Rf3 {[%emt 0:01:11]} 59. Ne4+ {[%emt 0:00:10]} Kf4 {[%emt 0:00:09]} 60. Re2 {[%emt 0:00:25]} g3 {[%emt 0:00:20]} 61. Nd2 {[%emt 0:00:47]} Rf2 {[%emt 0:01:05]} 0-1

[Event "ESP-chT 2nd Division 2019"]
[Site "Linares"]
[Date "2019.08.21"]
[Round "4.1"]
[White "Jones, Gawain C B"]
[Black "Montoliu Cervero, Francisco"]
[Result "1-0"]
[WhiteElo "2692"]
[BlackElo "2393"]
[Annotator "TA"]
[PlyCount "49"]
[EventDate "2019.08.19"]
[EventType "team-tourn"]
[EventCountry "ESP"]
[SourceTitle "playchess.com"]
[Source "ChessBase"]
[SourceQuality "1"]

{[%evp 13,49,0,22,28,31,19,32,29,19,18,29,15,26,26,60,59,54,55,57,44,34,26,131,126,127,99,499,511,590,587,539,364,5648,5299,2254,2138,1922,1086]} 1. c4 Nf6 2. Nf3 c6 3. g3 d5 4. Bg2 e6 5. b3 Be7 6. Bb2 O-O 7. O-O b6 8. Nc3 {A14: English Opening: 1...e6 with b3 by White} (8. e3 b5 9. d3 a5 10. a3 Ba6 11. Nbd2 Nbd7 12. Qc2 Bd6 13. e4 Be7 14. Rfd1 Rc8 15. e5 Ne8 {½-½ (82) Edouard,R (2607)-Lenic,L (2650) Heraklio 2017}) 8... Bb7 9. e3 c5 10. d4 {White is slightly better.} dxc4 11. bxc4 cxd4 12. exd4 Nc6 13. Ne5 $146 ({Predecessor:} 13. Re1 Na5 14. Qe2 Bb4 15. Red1 Rc8 16. d5 exd5 17. Nxd5 Nxd5 18. cxd5 {1-0 (29) Kuhn,C-Sommer,M Bad Zwesten 1997}) 13... Qc8 14. Nxc6 $1 Bxc6 15. d5 $36 {[%mdl 2048] White fights for an advantage.} Bb7 16. Re1 Re8 17. Rc1 exd5 (17... Bf8 $11 {remains equal.}) 18. Nxd5 $16 Nxd5 19. cxd5 ({Much worse is} 19. Bxd5 $6 Bxd5 20. cxd5 Qd7 $11) 19... Qf5 $2 {[%mdl 8192] [#]} (19... Bc5 $16) 20. Qa4 $18 Rab8 21. Rc7 b5 22. Qe4 Bd6 $2 (22... Qxe4 23. Rxe4 Bxd5) 23. Qxe8+ {White is clearly winning.} Rxe8 24. Rxe8+ Bf8 25. Be4 {Accuracy: White = 83%, Black = 33%.} 1-0

[Event "ESP-chT 2nd Division 2019"]
[Site "Linares"]
[Date "2019.08.21"]
[Round "4.2"]
[White "Gavarrete, Nahun"]
[Black "Del Rio De Angelis, Salvador G."]
[Result "0-1"]
[WhiteElo "2349"]
[BlackElo "2472"]
[Annotator "ChessBase"]
[PlyCount "44"]
[EventDate "2019.08.19"]
[EventType "team-tourn"]
[EventCountry "ESP"]
[SourceTitle "playchess.com"]
[Source "ChessBase"]
[SourceQuality "1"]
[TimeControl "5400+30"]

1. e4 {[%emt 0:00:00]} c5 {[%emt 0:00:00]} 2. Nf3 {[%emt 0:00:17]} e6 {[%emt 0:00:00]} 3. d4 {[%emt 0:00:36]} cxd4 {[%emt 0:00:01]} 4. Nxd4 {[%emt 0:00:30]} a6 {[%emt 0:00:08]} 5. c4 {[%emt 0:03:12]} Nf6 {[%emt 0:00:34]} 6. Nc3 {[%emt 0:00:10]} Bb4 {[%emt 0:00:05]} 7. Qf3 {[%emt 0:07:15]} Qc7 {[%emt 0:05:28]} 8. a3 {[%emt 0:05:01]} Be7 {[%emt 0:02:38]} 9. Be2 {[%emt 0:01:48]} d6 {[%emt 0:06:51]} 10. O-O {[%emt 0:03:09]} Nbd7 {[%emt 0:06:56]} 11. Qg3 {[%emt 0:17:28]} Ne5 {[%emt 0:04:37]} 12. f4 {[%emt 0:03:33]} Nxc4 {[%emt 0:09:10]} 13. Bxc4 {[%emt 0:00:45]} Qxc4 {[%emt 0:00:05]} 14. Be3 {[%emt 0:00:14]} O-O {[%emt 0:06:50]} 15. Rac1 {[%emt 0:01:08]} Bd8 {[%emt 0:07:27]} 16. b3 {[%emt 0:16:15]} Qc7 {[%emt 0:00:47]} 17. e5 {[%emt 0:03:35]} dxe5 {[%emt 0:01:20]} 18. Nd5 {[%emt 0:09:10]} Qa5 {[%emt 0:07:24]} 19. Nxf6+ {[%emt 0:04:45]} Bxf6 {[%emt 0:00:07]} 20. b4 {[%emt 0:00:35]} exf4 {[%emt 0:06:06]} 21. Rxf4 {[%emt 0:00:32]} Qd8 {[%emt 0:00:14]} 22. Rcf1 {[%emt 0:03:25]} Be5 {[%emt 0:01:58]} 0-1